000
00313nam a22001337a 4500
008
170527b xxu||||| |||| 00| 0 eng d
020
_a
9780072903065
041
_a
eng
080
_a
621.38
100
_a
27
101
_a
IM
245
_a
ELECTRONIC RESEARCH AND DOCUMENTATION
_c
WIENBROER, D.R
942
_2
udc
_c
BK
999
_c
14689
_d
14689